Global economic involvement : a synthesis of modern international economics /

Bibliographic Details
Main Author: Gray, H. Peter
Format: Book
Language:English
Published: Copenhagen ; Herndon, VA : Business School Press, [1999]
Subjects:

MARC

Tag First Indicator Second Indicator Subfields
LEADER 00000cam a2200000 a 4500
001 in00001546292
005 20151022055003.0
008 990414s1999 dk b 000 0 engs
010 |a  99196845  
019 |a 41290765 
020 |a 8716132343 
035 |a (OCoLC)ocm40846878 
040 |a DLC  |c DLC  |d OHX  |d TXA  |d UtOrBLW 
049 |a TXAM 
050 0 0 |a HF1379  |b .G73 1999 
072 7 |a HB  |2 lcco 
100 1 |a Gray, H. Peter. 
245 1 0 |a Global economic involvement :  |b a synthesis of modern international economics /  |c H. Peter Gray. 
264 1 |a Copenhagen ;  |a Herndon, VA :  |b Business School Press,  |c [1999] 
264 4 |c ©1999 
300 |a 225 pages ;  |c 24 cm. 
336 |a text  |b txt  |2 rdacontent 
337 |a unmediated  |b n  |2 rdamedia 
338 |a volume  |b nc  |2 rdacarrier 
504 |a Includes bibliographical references (pages [213]-225). 
650 0 |a International trade  |x Econometric models. 
650 0 |a International business enterprises  |x Econometric models. 
650 0 |a Commercial policy  |x Econometric models. 
650 0 |a International economic relations  |x Econometric models. 
938 |a Otto Harrassowitz  |b HARR  |n har005068067  |c 135.00 DEM 
994 |a E0  |b TXA 
948 |a cataloged  |b h  |c 2000/6/9  |d c  |e ceaton  |f 2:55:51 pm 
999 |a MARS 
999 f f |s f4a4dca7-db9c-316a-a575-d290cff00672  |i 0b5f1af1-01e7-3e08-a19b-fa761a9aa98d  |t 0 
952 f f |p ric  |a Texas A&M University  |b Rellis Campus  |c Joint Library Facility  |d Remote Storage  |t 0  |e HF1379 .G73 1999  |h Library of Congress classification  |i unmediated -- volume  |m A14826139175 
998 f f |a HF1379 .G73 1999  |t 0  |l Remote Storage